| 000 | 00940cam a2200265 a 4500 | ||
|---|---|---|---|
| 001 | 671840 | ||
| 005 | 20240206021739.0 | ||
| 008 | 950908s1995 enk b 001 0 eng | ||
| 020 | _a1856493350 (hb.) | ||
| 020 | _a1856493369 (pb.) | ||
| 040 |
_aDLC _cDLC _dDLC |
||
| 082 | 0 | 0 |
_a306.4 _220 _bBIO |
| 245 | 0 | 0 |
_aBiopolitics : _ba feminist and ecological reader on biotechnology / _cedited by Vandana Shiva & Ingunn Moser. |
| 260 |
_aLondon ; _aAtlantic Highlands, N.J. : _bZed Books ; _aPenang, Malaysia : _bThird World Network, _c1995. |
||
| 300 | _ax, 294 p. ; | ||
| 650 | 0 | _aBiotechnology | |
| 650 | 0 | _aBiotechnology | |
| 650 | 0 | _aFeminist theory. | |
| 700 | 1 |
_aShiva, Vandana. _eedt |
|
| 700 | 1 |
_aMoser, Ingunn, _eedt |
|
| 856 | 4 | 2 | _uhttp://www.loc.gov/catdir/bios/hol059/95025468.html |
| 856 | 4 | 2 | _uhttp://www.loc.gov/catdir/description/hol055/95025468.html |
| 856 | 4 | 1 | _uhttp://www.loc.gov/catdir/toc/hol052/95025468.html |
| 942 | _cL | ||
| 999 |
_c299 _d299 |
||